| 000 | 00580nam a22001817a 4500 | ||
|---|---|---|---|
| 005 | 20241209131755.0 | ||
| 008 | 241209b |||||||| |||| 00| 0 eng d | ||
| 020 | _a9780130625939 | ||
| 050 | _aQH303 CAM | ||
| 100 | _aCampbell, Neil A. | ||
| 245 |
_aBiology/ _bexploring life, Teacher's Edition _cNeil A. Campbell, Brad Williamson & Robin J. Heyden |
||
| 260 |
_aUpper Saddle River, New Jersey _bPearson Prentice Hall _c2004 |
||
| 300 |
_avarious paging _bill. color _c28cm |
||
| 650 | _2Biology | ||
| 700 | _aWilliamson, Brad | ||
| 700 | _aHeyden, Robin J. | ||
| 942 |
_2lcc _cBK _n0 |
||
| 999 |
_c1996 _d1996 |
||